| 000 | 00735nam a2200253Ia 4500 | ||
|---|---|---|---|
| 001 | 18201 | ||
| 003 | GE_BSU | ||
| 008 | 181216s||||||||xx |||||||||||||| ||und|| | ||
| 020 | _a9780781775250 | ||
| 040 | _cGE_BSU | ||
| 080 | _a611 | ||
| 100 | _aKeith L. Moore, Arthur F. Dalley ,Anne M.R.Agur | ||
| 245 | _aClinically oriented anatomy | ||
| 250 | _aSIXTH Edition | ||
| 260 | _aPhiladelphia | ||
| 260 | _bLippincott Williams & Wilkins | ||
| 260 | _c1999 | ||
| 300 | _axxxi, 1164 p. : ill. (some col.) ; 28 cm. | ||
| 541 | _h147gel. | ||
| 653 | _aClinically oriented anatomy | ||
| 653 | _aადამიანის ანატომია. ანატომია. | ||
| 653 | _aმედიცინა | ||
| 942 | _cBK | ||
| 999 |
_c51241 _d51241 |
||